History (Record no. 87103)

MARC details
000 -LEADER
fixed length control field 00770cam a2200229 4500
001 - CONTROL NUMBER
control field i9780959763973
008 - FIXED-LENGTH DATA ELEMENTS--GENERAL INFORMATION
fixed length control field 970304s1989 nz a f 00 0deng
020 ## - INTERNATIONAL STANDARD BOOK NUMBER
International Standard Book Number 095976397X
035 ## - SYSTEM CONTROL NUMBER
System control number (Sirsi) u13484
041 0# - LANGUAGE CODE
Language code of text/sound track or separate title eng
050 04 - LIBRARY OF CONGRESS CALL NUMBER
Classification number 920 $2 18
110 2# - MAIN ENTRY--CORPORATE NAME
Corporate name or jurisdiction name as entry element New Zealand Institute of Valuers
9 (RLIN) 1111
245 00 - TITLE STATEMENT
Title History
Remainder of title 1939-1989
260 ## - PUBLICATION, DISTRIBUTION, ETC.
Place of publication, distribution, etc. Wellington, New Zealand
Name of publisher, distributor, etc. NZIV
Date of publication, distribution, etc. 1989
300 ## - PHYSICAL DESCRIPTION
Extent x, 92 p.
Other physical details ill.
Dimensions 24 cm.
350 ## - PRICE (NR) (BK AM CF MU VM SE) [OBSOLETE]
Price 12
520 ## - SUMMARY, ETC.
Summary, etc. A history of the NZIV. Includes a list of members as at 30 September 1939, a list of past presidents, a list of life members and a list of honorary members.
651 #4 - SUBJECT ADDED ENTRY--GEOGRAPHIC NAME
Geographic name New Zealand
Chronological subdivision 1947-
690 ## - LOCAL SUBJECT ADDED ENTRY--TOPICAL TERM (OCLC, RLIN)
Topical term or geographic name as entry element PROPERTY-PROPERTY APPRAISAL AND VALUATION-VALUATION SURVEYORS
942 ## - ADDED ENTRY ELEMENTS (KOHA)
Suppress in OPAC 0
948 ## - LOCAL PROCESSING INFORMATION (OCLC); SERIES PART DESIGNATOR (RLIN)
c (OCLC) 04/03/1997
Holdings
Withdrawn status Lost status Source of classification or shelving scheme Damaged status Not for loan Home library Current library Shelving location Date acquired Cost, normal purchase price Total Checkouts Full call number Barcode Date last seen Copy number Cost, replacement price Price effective from Koha item type
    Dewey Decimal Classification     London London Reference copy 14/09/1999 12.00   920 NEW 30002547 06/08/2019 1 12.00 06/08/2019 Book